मध्यंतर (Record no. 306236)

MARC details
000 -LEADER
fixed length control field 00497nam a2200169Ia 4500
008 - FIXED-LENGTH DATA ELEMENTS--GENERAL INFORMATION
fixed length control field 090711s9999 xx 000 0 und d
082 ## - DEWEY DECIMAL CLASSIFICATION NUMBER
Item number 74689
100 ## - MAIN ENTRY--PERSONAL NAME
Personal name बनहट्टी राजेंद्र
245 ## - TITLE STATEMENT
Title मध्यंतर
260 ## - PUBLICATION, DISTRIBUTION, ETC. (IMPRINT)
Date of publication, distribution, etc 1994
300 ## - PHYSICAL DESCRIPTION
Extent 128
600 ## - SUBJECT ADDED ENTRY--PERSONAL NAME
Personal name बनहट्टी राजेंद्र
630 ## - SUBJECT ADDED ENTRY--UNIFORM TITLE
Uniform title मध्यंतर
700 ## - ADDED ENTRY--PERSONAL NAME
Personal name बनहट्टी राजेंद्र
730 ## - ADDED ENTRY--UNIFORM TITLE
Uniform title मध्यंतर
942 ## - ADDED ENTRY ELEMENTS (KOHA)
Koha item type Book
Holdings
Withdrawn status Lost status Damaged status Not for loan Home library Current library Date acquired Cost, normal purchase price Total Checkouts Full call number Barcode Date last seen Cost, replacement price Price effective from Koha item type
        Dadar Sarvajanik Vachanalaya, Dardar Dadar Sarvajanik Vachanalaya, Dardar 07/11/2009 50.00   74689 DASAVA-74689 07/11/2009 50.00 07/11/2009 Book